ბათუმის შოთა რუსთაველის სახელმწიფო უნივერსიტეტის ბიბლიოთეკა

აჭარის ტყეები (ბიბ.ჩანაწერი № 44438)

000 -LEADER
fixed length control field 00804nam a2200229Ia 4500
001 - CONTROL NUMBER
control field 11207
003 - CONTROL NUMBER IDENTIFIER
control field GE_BSU
008 - FIXED-LENGTH DATA ELEMENTS--GENERAL INFORMATION
fixed length control field 181216s||||||||xx |||||||||||||| ||und||
040 ## - CATALOGING SOURCE
Transcribing agency GE_BSU
080 ## - UNIVERSAL DECIMAL CLASSIFICATION NUMBER
Universal Decimal Classification number 630.23(479.22)
100 ## - MAIN ENTRY--PERSONAL NAME
Personal name ხიდაშელი შალვა, პაპუნიძე ვანო
245 ## - TITLE STATEMENT
Title აჭარის ტყეები
245 ## - TITLE STATEMENT
Remainder of title (კომპლექსური ათვისებისა და აღდგენის პრობლემები)
245 ## - TITLE STATEMENT
Statement of responsibility, etc. რედ: ვ. გულისაშვილი
260 ## - PUBLICATION, DISTRIBUTION, ETC.
Place of publication, distribution, etc. ბათუმი
260 ## - PUBLICATION, DISTRIBUTION, ETC.
Name of publisher, distributor, etc. საბჭოთა აჭარა
260 ## - PUBLICATION, DISTRIBUTION, ETC.
Date of publication, distribution, etc. 1976
300 ## - PHYSICAL DESCRIPTION
Extent 114გვ.22სმ.
300 ## - PHYSICAL DESCRIPTION
Accompanying material ილ.
653 ## - INDEX TERM--UNCONTROLLED
Uncontrolled term აჭარის ტყეები
942 ## - ADDED ENTRY ELEMENTS (KOHA)
Koha item type წიგნი
ეგზემპლარები
Withdrawn status Lost status Damaged status Not for loan Date acquired Barcode Date last seen Price effective from Koha item type
        2018-12-17 15586 2018-12-17 2018-12-17 წიგნი